Entremes La requisitoria del borrico (Record no. 136891)

MARC details
000 -CABECERA
campo de control de longitud fija 02451nam a2200541 a 4500
001 - NÚMERO DE CONTROL
campo de control 991051393239706706
003 - IDENTIFICADOR DEL NÚMERO DE CONTROL
campo de control ES-BaIT
005 - FECHA Y HORA DE LA ÚLTIMA TRANSACCIÓN
campo de control 20260119130229.0
008 - DATOS DE LONGITUD FIJA--INFORMACIÓN GENERAL
campo de control de longitud fija 851003s1793 sp |||||| 000 d|spa|c
026 ## - IDENTIFICADOR DE HUELLA DIGITAL
Huella digital no analizada a?a! d,to N.s. DeDe 3 1793 A
035 ## - NÚMERO DE CONTROL DEL SISTEMA
Número de control de sistema (ES-BaCBU).b38243799
040 ## - FUENTE DE LA CATALOGACIÓN
Centro catalogador/agencia de origen ES-BaCBU
Lengua de catalogación cat
Centro/agencia transcriptor ES-BaCBU
080 ## - NÚMERO DE LA CLASIFICACIÓN DECIMAL UNIVERSAL
Número de la Clasificación Decimal Universal 820-2"17"
080 ## - NÚMERO DE LA CLASIFICACIÓN DECIMAL UNIVERSAL
Número de la Clasificación Decimal Universal 860-2"16/17"
245 00 - MENCIÓN DE TÍTULO
Título Entremes La requisitoria del borrico
246 32 - FORMA VARIANTE DE TÍTULO
Título propio/Titulo breve Requisitoria del borrico
260 ## - PUBLICACIÓN, DISTRIBUCIÓN, ETC.
Lugar de publicación, distribución, etc. [Madrid] :
Nombre del editor, distribuidor, etc. se hallara en la libreria de Quiroga, con otros vários, comedias antiguas, y nuevas ; autos, sainetes, entremeses y tonadillas,
Fecha de publicación, distribución, etc. año 1793
300 ## - DESCRIPCIÓN FÍSICA
Extensión 16 p. ;
Dimensiones 8º (16 cm)
500 ## - NOTA GENERAL
Nota general Sense sign.
500 ## - NOTA GENERAL
Nota general 27/8 lín. i reclams
500 ## - NOTA GENERAL
Nota general P6: D1, H5
501 ## - NOTA DE "CON"
Nota de “Con” Amb: "Lista de los entremeses que se hallan en Madrid en la Librería de Quiroga, calle de la Concepcion"
510 3# - NOTA DE CITAS O REFERENCIAS BIBLIOGRÁFICAS
Nombre de la fuente Ref.: Palau 285.054 (notes)
533 ## - NOTA DE REPRODUCCIÓN
Tipo de reproducción Reproducció digital disponible a Biblioescènic
593 00 - Camps col·lecció exemplar
Notes holand. azul (Entremeses IX)
593 00 - Camps col·lecció exemplar
Notes holand. azul (Entremeses VIII)
593 00 - Camps col·lecció exemplar
Notes holand. granate. Procedència: Col·lecció Joaquín Montaner
593 00 - Camps col·lecció exemplar
Notes holand. granate. Procedència: Col·lecció Joaquín Montaner
650 #7 - PUNTO DE ACCESO ADICIONAL DE MATERIA--TÉRMINO DE MATERIA
Término de materia o nombre geográfico como elemento de entrada Entremesos
Subdivisión cronológica S. XVIII
Fuente del encabezamiento o término lemac
9 (RLIN) 162695
700 0# - ENTRADA AGREGADA--NOMBRE PERSONAL
Nombre de persona Quiroga
Término indicativo de función/relación impressor
9 (RLIN) 137527
730 0# - ENTRADA AGREGADA--TÍTULO UNIFORME
Título uniforme Col·lecció digital Biblioescènic del MAE
9 (RLIN) 69172
740 3# - ENTRADA AGREGADA--TÍTULO RELACIONADO/ANALÍTICO NO CONTROLADO
Título relacionado o analítico no controlado La Requisitoria del borrico
752 ## - ENTRADA AGREGADA--NOMBRE JERÁRQUICO DEL LUGAR
País o entidad superior Espanya
Ciudad Madrid
856 41 - LOCALIZACIÓN Y ACCESO ELECTRÓNICOS
Nota pública Accés lliure (Biblioescènic)
Especificación de materiales Exemplar VIT-80/26
Identificador Uniforme del Recurso <a href="https://books.cdmae.cat/visorpdf/?recurs=SV0080-26">https://books.cdmae.cat/visorpdf/?recurs=SV0080-26</a>
856 41 - LOCALIZACIÓN Y ACCESO ELECTRÓNICOS
Nota pública Accés lliure (Biblioescènic)
Especificación de materiales Exemplar VIT-81/22
Identificador Uniforme del Recurso <a href="https://books.cdmae.cat/visorpdf/?recurs=SV0081-22">https://books.cdmae.cat/visorpdf/?recurs=SV0081-22</a>
856 41 - LOCALIZACIÓN Y ACCESO ELECTRÓNICOS
Nota pública Accés lliure
Identificador Uniforme del Recurso <a href="http://www.bibgirona.cat/pandora/details.vm?lang=ca&view=Ripoll&q=id:0000001144">http://www.bibgirona.cat/pandora/details.vm?lang=ca&view=Ripoll&q=id:0000001144</a>
856 42 - LOCALIZACIÓN Y ACCESO ELECTRÓNICOS
Especificación de materiales Fitxa del catàleg manual
Identificador Uniforme del Recurso <a href="http://www.cdmae.cat/sedo/imgtitulos/060/P0001005.gif">http://www.cdmae.cat/sedo/imgtitulos/060/P0001005.gif</a>
856 42 - LOCALIZACIÓN Y ACCESO ELECTRÓNICOS
Especificación de materiales Fitxa del catàleg manual
Identificador Uniforme del Recurso <a href="http://www.cdmae.cat/sedo/imgtitulos/060/P0001002.gif">http://www.cdmae.cat/sedo/imgtitulos/060/P0001002.gif</a>
856 42 - LOCALIZACIÓN Y ACCESO ELECTRÓNICOS
Especificación de materiales Fitxa del catàleg manual
Identificador Uniforme del Recurso <a href="http://www.cdmae.cat/sedo/imgtitulos/060/P0001003.gif">http://www.cdmae.cat/sedo/imgtitulos/060/P0001003.gif</a>
856 42 - LOCALIZACIÓN Y ACCESO ELECTRÓNICOS
Especificación de materiales Fitxa del catàleg manual
Identificador Uniforme del Recurso <a href="http://www.cdmae.cat/sedo/imgtitulos/060/P0001004.gif">http://www.cdmae.cat/sedo/imgtitulos/060/P0001004.gif</a>
902 ## - ELEMENTOS DE DATOS B LOCAL, LDB (RLIN)
a Patrimoni
902 ## - ELEMENTOS DE DATOS B LOCAL, LDB (RLIN)
a Fons antic
908 ## - COLOCAR PARÁMETRO DE COMANDO (RLIN)
Colocar parámetro de comando AFP
-- AHCB
-- BC
-- CDMAE
910 0# - DATOS DE OPCIÓN DEL USUARIO (OCLC)
Datos de opción del usuario Quiroga,
940 ## - EQUIVALENCIA O REFERENCIA-CRUZADA--TÍTULO UNIFORME [OBSOLETO] [solamente CAN/MARC]
Título uniforme <a href="AFP">AFP</a>
942 ## - ELEMENTOS DE ENTRADA AGREGADA (KOHA)
Fuente del sistema de clasificación o colocación Clasificación decimal universal
Tipo de ítem Koha Digital
Holdings
Estado de retiro Estado de pérdida Fuente del sistema de clasificación o colocación Estado dañado No para préstamo Código de colección Localización permanente Ubicación/localización actual Ubicación en estantería Fecha de adquisición Fuente de adquisición Total de préstamos Signatura topográfica completa Código de barras Fecha visto por última vez Precio válido a partir de Tipo de ítem Koha
    Clasificación decimal universal   Exclòs de préstec Artur Sedó Biblioteca Barcelona Biblioteca Barcelona BCN Magatzem Sedó Vitrina 28/11/2025 Reconversió   VIT-080/26 vit08026 28/11/2025 28/11/2025 Antiquària
    Clasificación decimal universal   Exclòs de préstec Artur Sedó Biblioteca Barcelona Biblioteca Barcelona BCN Magatzem Sedó Vitrina 19/01/2026 Reconversió   VIT-081/22 vit08122 19/01/2026 19/01/2026 Antiquària

Powered by Koha